eBiblio Catalunya : Nou servei de préstec gratuït de llibre electrònics Nou servei de préstec gratuït de llibre electrònics
Publicado:
Barcelona :
Generalitat de Catalunya. Departament de Cultura : Xarxa de Biblioteques Municipals : Biblioteques de Barcelona ,
2015
Descripción Física:
1 punt de llibre ; il. col. ; 6 x 21 cm.
Materias:
Biblioteques digitals -- Catalunya
; Biblioteques públiques -- Catalunya
; Punts de llibre
Idioma:
Catalán
MARC
| LEADER | 00000nrm a22000007a 4500 | ||
|---|---|---|---|
| 001 | 27233 | ||
| 003 | Arxiu | ||
| 005 | 20260324181149.0 | ||
| 008 | 230109b spa||||| |||| 00| 0 cat d | ||
| 017 | |a B 8950-2015 | ||
| 040 | |a agdb |b cat | ||
| 245 | |a eBiblio Catalunya : |b Nou servei de préstec gratuït de llibre electrònics | ||
| 260 | |a Barcelona : |b Generalitat de Catalunya. Departament de Cultura : |b Xarxa de Biblioteques Municipals : |b Biblioteques de Barcelona ; |c 2015 | ||
| 300 | |a 1 punt de llibre ; |b il. col. ; |c 6 x 21 cm. | ||
| 650 | 0 | |2 Arxiu |a Biblioteques digitals |z Catalunya | |
| 650 | 0 | |2 Arxiu |9 36700 |a Biblioteques públiques |x Catalunya | |
| 655 | 0 | |9 52700 |a Punts de llibre | |
| 710 | 2 | |a Catalunya. |b Departament de Cultura |9 52819 | |
| 710 | 1 | |9 52650 |a Barcelona (Catalunya : Província). |b Xarxa de Biblioteques Municipals | |
| 710 | |9 55029 |a Barcelona (Catalunya). |b Consorci de Biblioteques de Barcelona | ||
| 942 | |2 udc |c ARXIU |n 1 | ||
| 952 | |0 0 |1 0 |2 udc |4 0 |6 NBM16153 |7 1 |9 64975 |a Arxiu |b Arxiu |d 2023-01-09 |l 0 |o NBM-16-153 |p 27233 |r 2023-01-09 00:00:00 |w 2023-01-09 |y ARXIU | ||
| 999 | |c 82935 |d 82935 | ||